00285nam a2200109Ia 450000500170000000800410001710000230005824500560008126000100013730000110014765000170015820260328104342.0260328s9999||||xx |||||||||||||| ||und|| aVan Lengen, Johan  0aManual del Arquitecto descalzo /cJohan Van Lengen bOpax  a365 p. aARQUITECTURA